000
00422nam a22001817a 4500
003
MPLRDC
005
20220104123822.0
008
210129b ||||| |||| 00| 0 eng d
082
_a
019 JGDC
100
_a
加古德次著
245
_a
超速的奇迹速读法
_c
250
_a
再版
260
_a
_b
国丰文化出版社
_c
1992
300
_b
平
490
_a
智慧文库
650
_a
942
_c
BK
_o
019 JGDC
999
_c
14445
_d
14435